000 00713cam a2200205 4500
001 WB3546-33
008 000000n1999 000 0 eng u
035 _a(Sirsi) u102368
245 _aHousing market shrugs off rate rises
260 _c1999
490 _aRICS Press Release
_v(255) 18 November 1999(2)
520 _aHigher interest rates have had little impact on the housing market and the underlying trend is still buoyant according to the latest RICS Housing Market Survey.
590 _aWB
650 _aHOUSING MARKET SURVEYS
650 _aHOUSE PRICES
650 _aINTEREST RATES
650 _aRICS SURVEY
690 _aPROPERTY-RESIDENTIAL PROPERTY-RESIDENTIAL PROPERTY MARKET
942 _n0
999 _c61389
_d61389